00433cam a2200157ua 45000010005000000080039000050400009000440820012000531000037000652450053001022500009001552600045001643000023002096530019002326530024002513354111019n ii |||gr||||Z||||||asm cMAIN a891.451 aHazarika, Karabi Deka,eEdited.,11aPraval dweepar doreced. by Karabi Deka Hazarika a1st. aDibrugarh:bDibrugarh university,c2003. a214p:bill;c23cm. aAssamese essay aPraval dweepar dore